Tiang seri tadbir : PTD 50 tahun gemilang bersama Malaysia

Bibliographic Details
Corporate Author: Jabatan Perkhidmatan Awam (JPA)
Format: Book
Published: Kuala Lumur : Jabatan Perkhidmatan Awam , 2007
Subjects:

MARC

LEADER 00000cam a2200000 7i4500
001 0000004024
005 20150107.0
020 0 0 |a 9789839187144 
090 0 0 |a 351.0922595   |b SHA 2007 
245 1 0 |a Tiang seri tadbir :   |b PTD 50 tahun gemilang bersama Malaysia   |c Shakila Yacob dan Khatijah Md. Khalid 
260 0 0 |a Kuala Lumur :   |b Jabatan Perkhidmatan Awam ,   |c 2007 
300 |a 157 p. :   |b col. ill. ;   |c 29 cm. 
650 0 0 |a Ambassadors---Malaysia 
650 0 0 |a Diplomatic and consular service---Malaysian 
650 0 0 |a Diplomats---Malaysia 
710 1 1 |a Jabatan Perkhidmatan Awam (JPA) 
998 |a JPSM 
999 |a 007762   |b Monograph   |c Open Shelf   |e Default branch